000 00893nam a2200277 i 4500
001 186434
003 SpMaBN
005 20231227153121.0
008 161114s1980 sp |||| |dglg
020 _a84-7339-311-2
080 _a821.134.2-14"18"
100 1 _aCastro, Rosalía de,
_d1837-1885
_9147676
245 1 0 _aObra galega completa /
_cRosalía de Castro ; notas de X. Alonso Montero.
250 _a4ª ed.
260 _aMadrid :
_bAkal,
_c1980.
300 _aXXV, 341 p. ;
_c18 cm.
490 1 _aArealonga ;
_v5
500 _aCronología.
504 _aBibliografia: p. XXI-XXV.
505 8 _aContiene: ;
_tCantares gallegos ;
_tFollas novas ;
_tPoemas soltos ;
_tTraducciós ;
_tConto
546 _aTexto gallego.
700 1 _aAlonso Montero, Xesús.
_920364
830 0 _aArealonga ;
_v5
_9183473
852 _aES-MaACL
_jL-30794
999 _c186434
_d186434